Conversaciones : cómo el diálogo puede transformar tu vida /
Obra que reproduce las charlas radiofónicas dirigidas por el autor en la BBC Radio 4, donde resalta los nuevos estilos y efectos sociales de la conversación no convencional, en el que lo relevante no es el guión ni las reglas de etiquetas, sino el proceso mismo de conversar y el encuentro entre dos...
Salvato in:
| Autore principale: | |
|---|---|
| Altri autori: | |
| Natura: | Libro |
| Lingua: | spagnolo |
| Pubblicazione: |
Barcelona, España :
Plataforma,
2014, c2014
|
| Soggetti: | |
| Accesso online: | Ver documento en línea |
| Tags: |
Nessun Tag, puoi essere il primo ad aggiungerne!!
|
MARC
| LEADER | 00000nam^a2200000^a^4500 | ||
|---|---|---|---|
| 001 | 000455558 | ||
| 005 | 20251023000000.0 | ||
| 009 | 20260310123958.193 | ||
| 020 | |a 978-84-16096-90-9 | ||
| 037 | |a Acervo ITESO - Biblioteca | ||
| 041 | |a ESP | ||
| 082 | |a 302. 346 |b ZEL | ||
| 100 | |a Zeldin, Theodore |e (autor) | ||
| 245 | 1 | 0 | |a Conversaciones : |b cómo el diálogo puede transformar tu vida / |c T. Zeldin ; pról. de S. Alvarez de Mon ; tr. por Francisco García Lorenzana. |
| 264 | 4 | |a Barcelona, España : |b Plataforma, |c 2014, c2014 | |
| 264 | 2 | |a Cartagena, España : |b Odilo [distribución], |c 2022 | |
| 300 | |a 1 libro electrónico en línea (1 v. sin paginación) | ||
| 300 | |a 1 recurso en línea | ||
| 336 | |a datos para computadora |b cod |2 rdacontenido | ||
| 337 | |a computadora |b c |2 rdamedio | ||
| 338 | |a recurso en línea |b cr |2 rdasoporte | ||
| 506 | 1 | |a 1 licencia | |
| 520 | |a Obra que reproduce las charlas radiofónicas dirigidas por el autor en la BBC Radio 4, donde resalta los nuevos estilos y efectos sociales de la conversación no convencional, en el que lo relevante no es el guión ni las reglas de etiquetas, sino el proceso mismo de conversar y el encuentro entre dos mentes con cosmovisiones diferentes. Incluye como complemento de sus planteamientos treinta y seis temas de conversación. | ||
| 521 | |a Odilo 2022 DIA | ||
| 649 | |a XX | ||
| 650 | |a Conversaciones - |x Tema Principal | ||
| 650 | |a Comunicación Oral | ||
| 650 | |a Comunicación Personal - |x Tema Principal | ||
| 650 | |a Interacción Social | ||
| 650 | |a Psicología Social | ||
| 700 | |a Alvarez de Mon, Santiago |e (prólogo) | ||
| 856 | 4 | 0 | |u https://iteso-odilotk-es.ezproxy.iteso.mx/info/02717426 |y Ver documento en línea |
| 910 | |a Fondo General | ||
| 920 | |a Electrónicos - Libros en Línea | ||
| 930 | |a Plataforma Digital | ||
| 905 | |a 205 | ||
| 901 | |a 455558-1 |b IT2 |c EBO |i C180449 |u 20250521 | ||
| 902 | |a https://opac.biblio.iteso.mx/vufind/Record/000455558 | ||